Nationalität der Ballon d'Or - Statistiken

Allgemein
  • Dieses Quiz wurde 115 mal gespielt
  • Das Durchschnittsergebnis liegt bei 14 aus 19
Antwortstatistiken
Gesamt Spieler Land % Korrekt
7 5 Deutschland
100%
8 1 Argentinien
99%
7 3 Portugal
99%
8 6 Frankreich
98%
5 5 Italien
97%
5 4 Brasilien
96%
4 3 Spanien
93%
5 4 England
91%
7 3 Niederlande
88%
1 1 Kroatien
72%
1 1 Ungarn
67%
2 2 Tschechien
65%
1 1 Dänemark
55%
1 1 Ukraine
53%
3 3 Sowjetunion
52%
1 1 Schottland
49%
1 1 Liberia
48%
1 1 Bulgarien
37%
1 1 Nordirland
34%
Keine übereinstimmenden Quizze gefunden
Verteilung der Resultate
Anzahl Personen mit jedem Resultat
Perzentil nach korrekt beantworteten Fragen
Ihre Resultats-Entwicklung
Sie haben dieses Quiz noch nicht gespielt